000 00925nas a2200289 4500
001 BR2013001889
003 BR-BrBNA
005 20231205122037.0
007 ta
008 230509b bl.|||p| |||| 00| 00por d
040 _aBR-BrBNA
_bpor
_cBiblioteca Nacional de Agricultura
041 _a(En)
072 _aQ02; Q80
100 1 _aSantos, C. de A.
100 1 _aLaurindo, J.B.
100 1 _aSilveira Júnior, V.
100 1 _aHense, H.
245 1 _aInfluence of secondary packing on the freezing time of chiken meat in air blast freezing tunnels
650 _aCARNE
650 _aACONDICIONAMENTO
650 _aEMBALAGEM
650 _aCONGELAMENTO
773 0 _tCiência e Tecnologia de Alimentos (Brazil)
_xISSN 1678-457X
_g(Dec 2008), V. 28(Suplemento) p. 252-258
_wBR2013001889
856 4 0 _uhttp://www.scielo.br/pdf/cta/v28s0/38.pdf
909 _a202311
_bLúcia
_c55
_dLúcia Elande
942 _2AGRIS
_n0
_cANA
999 _c226622
_d226622